Biblioteca

Filosofía de la consejería cristiana (Registro nro. 51156)

Detalles MARC
000 -LÍDER
Campo fijo de descripción fija 00899aab a2200193 4500
001 - NÚMERO DE CONTROL
Campo de control 768714001
003 - IDENTIFICADOR DEL NÚMERO DE CONTROL
Campo de control CO-MdFUSB
005 - FECHA Y HORA DE LA ULTIMA TRANSACCIÓN
control field 20230111173414.0
008 - ELEMENTOS DE LONGITUD FIJA -- INFORMACIÓN GENERAL
Campo fijo de descripción fija -- Información general 220914s1989 gt ||||| |||| 00| 0 spa d
040 ## - FUENTE DE CATALOGACIÓN
Idioma de catalogación spa
Agencia que realiza la transcripción CO-MdFUSB
Agencia que realiza la modificación CO-MdFUSB
041 ## - CÓDIGO DE IDIOMA
Código de idioma para texto/pista de sonido o título separado spa
100 1# - ASIENTO PRINCIPAL--NOMBRE PERSONAL
Nombre personal Mijangos, Sergio E.
Término relacionador autor
245 10 - TÍTULO
Título Filosofía de la consejería cristiana
Mención de responsabilidad / Sergio Mijangos
300 ## - DESCRIPCIÓN FÍSICA
Extensión Número 5 (Julio - Diciembre, 1989), Páginas 74-92
Dimensiones ; 22 cm
520 ## - NOTA DE RESUMEN, ETC.
Nota de sumario, etc. El presente articulo es un análisis de la naturaleza del hombre desde los buenos puntos de vista de diferentes escuelas psicológicas comparándolos con el punto de visita bíblico. Se integran algunos principios de la terapia Racional Emotiva con el concepto bíblico de hombre.
650 #0 - ASIENTO SECUNDARIO DE MATERIA - TERMINO TEMÁTICO
9 (RLIN) 228
Término temático o nombre geográfico como elemento de entrada Consejería pastoral
773 0# - ASIENTO DE ITEM FUENTE
Título Kairós
Biblionumber 49489
Itemnumber 61210
Parte(s) relacionada(s) / Volumen., número. (mes año), páginas Número 5 (Julio - Diciembre, 1989), páginas 74-92
Enumeración y primera página página 74
942 ## - TIPO DE MATERIAL (KOHA)
Tipo de Item KOHA Revistas y Fascículos

No hay ítems disponibles.

Biblioteca FUSBC | Teléfono: (57+4) 349 88 10 Ext. 141| WhatsApp (+57) 3005338115 
E-mail: biblioteca@unisbc.edu.co | Calle 76 87-14 Robledo Palenque, Medellín, Colombia

Con tecnología Koha